000 00694nam a2200289Ia 4500
005 20260324124538.0
008 008 260324s9999 xx 000 0 eng d
020 _a9780240813035
037 _aEBOOK
040 _aCRL
040 _beng
040 _cCRL
041 _2eng
041 _aeng
084 _qCRL
100 _aKeith Kelsen
_91174574
245 0 _aUnleashing the Power of Digital Signage
245 0 _bContent Strategies for the 5th Screen
260 _bTaylor and Francis
260 _c2010
365 _a
365 _b230
856 _uhttp://www.taylorfrancis.com/books/9780240813035
942 _cEBOOK
999 _c1769035
_d1769035